Biblioteka Instytutu Północnego w Olsztynie

Widok standardowy Widok MARC

Pozycja Topical Term

Liczba rekordów, w których użyto hasła: 0

001 - Numer kontrolny

  • control field: 34995

003 - Identyfikator numeru kontrolnego

  • control field: NUKAT

005 - Data i czas ostatniej modyfikacji

  • control field: 20251203122739.0

008 - Dane kontrolne kodowane (40 znaków)

  • fixed length control field: 161202n||azznnbabn |a ana |

010 ## - Numer kontrolny Biblioteki Kongresu

  • numer kontrolny LC: p 2017000081

035 ## - Numer systemowy

  • numer systemowy: a35725965

035 ## - Numer systemowy

  • numer systemowy: (PL)a0000003572596

040 ## - Instytucja sporządzająca rekord

  • inst. przygot. dane do rek. khw: WA N
  • język haseł przedmiotowych/tezaurus: DBN
  • inst. wprow. rek. khw: WA N

072 ## - Kod kategorii przedmiotu

  • kod kategorii przedmiotu: 18

150 ## - Hasło - nazwa pospolita

  • nazwa posp. lub nazwa geogr. na pocz.: Kultura i sztuka

450 ## - Trop zob. - nazwa pospolita

  • nazwa posp. lub nazwa geogr. na pocz.: Sztuka i kultura

550 ## - Trop zob. też - nazwa pospolita

  • nazwa posp. lub nazwa geogr. na pocz.: Kultura

550 ## - Trop zob. też - nazwa pospolita

  • nazwa posp. lub nazwa geogr. na pocz.: Sztuka

680 ## - Uwaga ogólna przeznaczona do publicznej prezentacj

  • tekst wyjaśniający: deskryptor
  • hasło lub określnik: Kultura i sztuka
  • tekst wyjaśniający: stosuje się w funkcji deskryptora ujęciowego
Biblioteka Instytutu Północnego, ul. Partyzantów 87, 10-402 Olsztyn, email: biblioteka(at)ip.olsztyn.pl